| 000 | 00722nam a2200253 a 4500 | ||
|---|---|---|---|
| 001 | 000045247 | ||
| 003 | DO-SdBNP | ||
| 005 | 20180328094604.0 | ||
| 007 | 000045247 | ||
| 008 | 150216s2012 dr a 000 j spa d | ||
| 020 | _a9789945006933 | ||
| 040 |
_aBPMET _bspa _cBPMET |
||
| 092 |
_axxxx _bxxxx |
||
| 100 | 1 | _aDamirón, Anya | |
| 245 | 1 | 3 |
_aLa fábrica de santa / _cAnya Damirón ; ilustrado por Pablo Pino. |
| 260 |
_a[Santo Domingo] : _bLucia'Stories, _c2012. |
||
| 300 |
_a[26] p. : _bil. ; _c20 cm. |
||
| 490 | 1 | _aLucia'Stories | |
| 700 | 1 |
_aPino, Pablo, _eil. |
|
| 830 | 0 | _aLucia'Stories | |
| 942 |
_2ddc _cBK |
||
| 945 | _aRemanejado para la BNPHU / 2018 VM | ||
| 956 |
_aVMATEO _b10 _c20150423 _lBPMSU _h00151 |
||
| 999 |
_c7677 _d7677 |
||